The struggling reader : interventions that work / (Record no. 47516)
[ view plain ]
| 000 -LEADER | |
|---|---|
| fixed length control field | 00565nam a22002057a 4500 |
| 003 - CONTROL NUMBER IDENTIFIER | |
| control field | OSt |
| 005 - DATE AND TIME OF LATEST TRANSACTION | |
| control field | 20140320084612.0 |
| 008 - FIXED-LENGTH DATA ELEMENTS--GENERAL INFORMATION | |
| fixed length control field | 130722t xxu||||| |||| 00| 0 eng d |
| 020 ## - INTERNATIONAL STANDARD BOOK NUMBER | |
| International Standard Book Number | 9780439616591 |
| 050 ## - LIBRARY OF CONGRESS CALL NUMBER | |
| Classification number | LB 1050 |
| Item number | .C776 2006 |
| 082 ## - DEWEY DECIMAL CLASSIFICATION NUMBER | |
| Classification number | TRE 372.4 |
| Item number | C777 2006 |
| 100 ## - MAIN ENTRY--PERSONAL NAME | |
| Personal name | Cooper, J. David |
| 9 (RLIN) | 2492 |
| 245 ## - TITLE STATEMENT | |
| Title | The struggling reader : interventions that work / |
| Statement of responsibility, etc | J. David Cooper |
| 260 ## - PUBLICATION, DISTRIBUTION, ETC. (IMPRINT) | |
| Place of publication, distribution, etc | New York : |
| Name of publisher, distributor, etc | Scholastic, |
| Date of publication, distribution, etc | c2006. |
| 300 ## - PHYSICAL DESCRIPTION | |
| Extent | 208 p. |
| Other physical details | ill. ; |
| Dimensions | 23 cm. |
| 562 ## - COPY AND VERSION IDENTIFICATION NOTE | |
| Number of copies | 1 |
| 650 ## - SUBJECT ADDED ENTRY--TOPICAL TERM | |
| Topical term or geographic name as entry element | Reading |
| 9 (RLIN) | 902 |
| 942 ## - ADDED ENTRY ELEMENTS (KOHA) | |
| Source of classification or shelving scheme | Library of Congress Classification |
| Koha item type | Books |
| Withdrawn status | Lost status | Source of classification or shelving scheme | Damaged status | Home library | Current library | Shelving location | Date acquired | Total Checkouts | Full call number | Barcode | Date last seen | Copy number | Price effective from | Koha item type |
|---|---|---|---|---|---|---|---|---|---|---|---|---|---|---|
| Library of Congress Classification | Munich Library | Munich Library | Scholastic Reading Center Section | 03/20/2014 | LB 1050 .C776 2006 | MS2012 | 03/20/2014 | 1 | 03/20/2014 | Books |